Mission SSC CGL (Tier I exam 2024)/ (Record no. 11992)

MARC details
000 -LEADER
fixed length control field 00705nam a22002417a 4500
005 - DATE AND TIME OF LATEST TRANSACTION
control field 20240926053703.0
008 - FIXED-LENGTH DATA ELEMENTS--GENERAL INFORMATION
fixed length control field 240926b |||||||| |||| 00| 0 eng d
020 ## - INTERNATIONAL STANDARD BOOK NUMBER
International Standard Book Number 9789364373012
040 ## - CATALOGING SOURCE
Original cataloging agency IN-DiNC
Transcribing agency IN-DiNC
041 ## - LANGUAGE CODE
Language code of sung or spoken text English
082 ## - DEWEY DECIMAL CLASSIFICATION NUMBER
Classification number 030
Item number MIS
245 ## - TITLE STATEMENT
Title Mission SSC CGL (Tier I exam 2024)/
Remainder of title by Sanjeev Dixit and others
260 ## - PUBLICATION, DISTRIBUTION, ETC.
Place of publication, distribution, etc. New Delhi:
Name of publisher, distributor, etc. Arihant,
Date of publication, distribution, etc. n.a.
650 ## - SUBJECT ADDED ENTRY--TOPICAL TERM
Topical term or geographic name entry element General intelligence & reasoning
650 ## - SUBJECT ADDED ENTRY--TOPICAL TERM
Topical term or geographic name entry element General awareness
650 ## - SUBJECT ADDED ENTRY--TOPICAL TERM
Topical term or geographic name entry element Quantitative aptitude
650 ## - SUBJECT ADDED ENTRY--TOPICAL TERM
Topical term or geographic name entry element English comprehension
700 ## - ADDED ENTRY--PERSONAL NAME
Personal name Dixit, Sanjeev
Relator term Author
700 ## - ADDED ENTRY--PERSONAL NAME
Personal name Srivastava, Pradeep
Relator term Author
700 ## - ADDED ENTRY--PERSONAL NAME
Personal name Deepali
Relator term Author
700 ## - ADDED ENTRY--PERSONAL NAME
Personal name Singh, Sushil
Relator term Author
942 ## - ADDED ENTRY ELEMENTS (KOHA)
Source of classification or shelving scheme Dewey Decimal Classification
Koha item type Books
Holdings
Withdrawn status Lost status Source of classification or shelving scheme Damaged status Not for loan Collection code Home library Current library Shelving location Date acquired Cost, normal purchase price Total Checkouts Full call number Barcode Date last seen Date last checked out Copy number Price effective from Koha item type
    Dewey Decimal Classification     General Collection Central Library, Naharkatiya College Central Library, Naharkatiya College General Stacks 26/09/2024 675.00 3 030 MIS 30393 13/02/2026 20/01/2026 1 26/09/2024 Books

Naharkatiya College © 2020. All rights reserved.

Powered By